<The> Influence of Germany on the Formation of the European Commission in 21St Century

Analýza prvého funkčného obdobia Josého Manuela Durãa Barrosa (2004 - 2009) a druhého funkčného obdobia Barrosa (2009 - 2014). Komisia Jeana Clauda Junckera (2014 - 2019). Manfred Weber a Ursula von der Leyen.

Salvato in:
Dettagli Bibliografici
Autore principale: Koszel, Bogdan
Natura: Capitolo di libro
Lingua:inglese
Soggetti:
Tags: Aggiungi Tag
Nessun Tag, puoi essere il primo ad aggiungerne!!

MARC

LEADER 00000naa a2200000 4500
001 0273998
005 20210526170533.1
041 0 |a eng 
044 |a SK 
245 1 0 |a <The> Influence of Germany on the Formation of the European Commission in 21St Century  |c Bogdan Koszel 
520 |a Analýza prvého funkčného obdobia Josého Manuela Durãa Barrosa (2004 - 2009) a druhého funkčného obdobia Barrosa (2009 - 2014). Komisia Jeana Clauda Junckera (2014 - 2019). Manfred Weber a Ursula von der Leyen. 
610 2 0 |a Európska komisia 
610 2 0 |a Európska únia 
610 2 0 |a Nemecko 
100 1 |a Koszel, Bogdan